Administración de la empresa /

Guardado en:
Autor Principal: Galati de Pérez Raffo, Mabel S.
Formato: Libro
Publicado: Buenos Aires : Kapelusz, 1996
Materias:
Etiquetas: Agregar Etiqueta
Sin Etiquetas, Sea el primero en etiquetar este registro!
LEADER 01105nam a22002055a 4500
001 CEM.cems017686
005 20110905101703.0
008 130507s1996##################000#0#####d
003 CEMS
020 |a 9501329216 
082 0 4 |a 658 
100 1 |a Galati de Pérez Raffo, Mabel S. 
245 1 0 |a Administración de la empresa /  |c Mabel S. Galati de Pérez Raffo 
260 |a Buenos Aires :  |b Kapelusz,  |c 1996 
300 |a 270 p. 
505 0 |a Elementos de base de la administración -- La administración y sus fundamentos -- La empresa -- La ética -- La organización -- La toma de decisiones -- La comunicación -- El sistema de información -- El proceso de planeamiento -- La estructura organizacional -- Recursos humanos -- Relaciones humanas -- Integración del recurso humano -- El proceso de gestión y el control -- Decisiones de producción -- Decisiones comerciales -- Decisiones financieras -- Proceso de control -- El pensamiento administrativo 
653 |a Administración de empresas 
653 |a Administración 
653 |a Empresa 
859 |a CEMS  |b BIB. CEMS - Agricultura  |h 658  |i G131  |p A1441.11  |t Ej.1